000
00288nam a2200121Ia 4500
005
20251222142006.0
008
251222s9999||||xx |||||||||||||| ||spa||
082
_a
370.112/E26
100
_a
Prades López, Javier
245
0
_a
Educación para La Libertad
264
_b
s.e.
942
_c
LIB
999
_c
10171
_d
10171